| 000 | 00403nam a22001697a 4500 | ||
|---|---|---|---|
| 003 | OSt | ||
| 005 | 20211118100649.0 | ||
| 008 | 211118b |||||||| |||| 00| 0 eng d | ||
| 020 | _a0226386708 | ||
| 040 | _cHU | ||
| 082 | _a338 | ||
| 100 |
_aGRO _919154 |
||
| 245 | _aGROWTH THEORIES IN LIGHT OF THE EAST ASIAN EXPERICE | ||
| 260 |
_aCHICAGO _bLONDON _c1995 |
||
| 300 | _a310 | ||
| 942 |
_2ddc _cBOOKS _n0 |
||
| 999 |
_c18930 _d18930 |
||